MLB Baseball Stadiums - Statistics

General Stats
  • This quiz has been taken 1,370 times
  • The average score is 16 of 30
Answer Stats
Team Stadium % Correct
New York Yankees Yankee Stadium
94%
Los Angeles Dodgers Dodger Stadium
91%
Colorado Rockies Coors Field
83%
Chicago Cubs Wrigley Field
69%
Boston Red Sox Fenway Park
68%
Baltimore Orioles Camden Yards
58%
St. Louis Cardinals Busch Stadium
57%
New York Mets Citi Field
57%
Atlanta Braves Turner Field
56%
San Diego Padres PETCO Park
55%
Arizona Diamondbacks Chase Field
53%
Tampa Bay Rays Tropicana Field
52%
Seattle Mariners Safeco Field
51%
Minnesota Twins Target Field
51%
Houston Astros Minute Maid Park
50%
Los Angeles Angels of Anaheim Angel Stadium of Anaheim
49%
San Francisco Giants AT&T Park
49%
Pittsburgh Pirates PNC Park
49%
Milwaukee Brewers Miller Park
47%
Washington Nationals Nationals Park
45%
Cleveland Indians Progressive Field
45%
Detroit Tigers Comerica Park
44%
Miami Marlins Marlins Park
44%
Cincinnati Reds Great American Ballpark
42%
Kansas City Royals Kauffman Stadium
41%
Philadelphia Phillies Citizens Bank Park
36%
Oakland Athletics O.co Coliseum
34%
Toronto Blue Jays Rogers Center
33%
Chicago White Sox U.S. Cellular Field
32%
Texas Rangers Rangers Ballpark in Arlington
23%
No matching quizzes found
Score Distribution
Percent of People with Each Score
Percentile by Number Answered
Your Score History
You have not taken this quiz